| 000 | 00444nam a2200157Ia 4500 | ||
|---|---|---|---|
| 008 | 210716s2002 xx 000 0 und d | ||
| 020 | _a8178086727 | ||
| 041 | _aeng | ||
| 082 | _a658.162 WESJ | ||
| 100 | _aWeston, J Fred;Siu, Juan A;Johnson, Brian A. | ||
| 245 | _aTakeovers restructuring and corporate governance. | ||
| 250 | _a3 | ||
| 260 |
_aNew Delhi _bPearson Education _c2002 |
||
| 300 | _axxx,689 | ||
| 650 | _aManagement Accounting | ||
| 999 |
_c198440 _d198440 |
||